Chaîne de mots "on" - Statistiques

Statistiques générales
  • Ce quiz a été pris 125 fois
  • Le résultat moyen est 13 sur 32
Statistiques - réponses
Hint Réponse % Correct
Pas court Long
88%
Ni oui, Ninon
88%
Une des 7 conjonctions Donc
82%
Discipline sportive ayant fait connaître Léon Marchand ou Michael Phelps Natation
81%
Duck si on parle de Mickey Donald
79%
Site historique grec réalisé en marbre pentélique Parthénon
75%
Surveiller secrètement Espionner
68%
Prénom non abrégé du meilleur ami de Harry Potter Ronald
67%
Quand l'alarme incendie sonne, il faut procéder a celle ci Évacuation
65%
Montana, Parker, Estanguet ou Hawk par exemple Tony
63%
Numéro atomique 10, t'es une lumière si tu trouve Néon
60%
Instrument de musique à lames que l'on frappe avec des petits maillets Xylophone
47%
Gin ou Schweppes Tonic
46%
Pays ayant changé de Capitale le 17 Août 2024 Indonésie
43%
Spécialité de la ville de Menton Citrons
38%
HPI, Haut potentiel intellectuel, mais que signifie le E de HPE Émotionnel
38%
Franco-suisse si on parle de Romain Grosjean Nationalité
36%
Personnel, démonstratif, défini par exemple Pronom
33%
Sécher un liquide, essuyer Éponger
30%
Capitale du Botswana Gaborone
28%
Capitale du Libéria Monrovia
25%
Négligence, Paresse ou apathie sont ses synonymes Nonchalance
21%
Voyelles qui change de timbre en cours d'émission. Diphtongues
18%
Un garçon ayant un peu de forme Rondelet
17%
Sous-Préfecture la plus peuplée de la Guyane Saint-Laurent du Maroni
11%
Nom géographique des îles englobant Bornéo, Sumatra et Java Sonde
11%
Mettrait de coté Économiserait
6%
Marché des Options Négociables de Paris Monep
4%
Ville suisse prés du lac de Neuchâtel et à l'embouchure de la Menthue Yvonand
4%
Groupement d'entreprises Consortium
3%
Naissant, Rudimentaire Embryonnaire
2%
Qui manifeste de l'aigreur Acrimonieux
0%
Aucun quiz correspondant
Distribution des résultats
% des personnes avec chaque résultat
Percentile par nombre de réponses
Votre historique - résultats
Vous n’avez pas pris ce quiz